Female imperialism and national identity : (Record no. 93533)

MARC details
000 -LEADER
fixed length control field 02066nam a2200229Ii 4500
008 - FIXED-LENGTH DATA ELEMENTS--GENERAL INFORMATION
fixed length control field 221202s xx 000 0 und d
100 1# - MAIN ENTRY--PERSONAL NAME
Personal name Pickles, Katie,
Relator term author
245 #0 - TITLE STATEMENT
Title Female imperialism and national identity :
Remainder of title Imperial Order Daughters of the Empire
264 ## - PRODUCTION, PUBLICATION, DISTRIBUTION, MANUFACTURE, AND COPYRIGHT NOTICE
Name of producer, publisher, distributor, manufacturer Manchester University Press
Date of production, publication, distribution, manufacture, or copyright notice 2002
300 ## - PHYSICAL DESCRIPTION
Extent 1 online resource
336 ## - CONTENT TYPE
Content type term text
Content type code txt
Source rdacontent
337 ## - MEDIA TYPE
Media type term computer
Media type code c
Source rdamedia
338 ## - CARRIER TYPE
Carrier type term online resource
Carrier type code cr
Source rdacarrier
520 ## - SUMMARY, ETC.
Summary, etc. Through a study of the British Empire's largest women's patriotic organisation, formed in 1900, and still in existence, this book examines the relationship between female imperialism and national identity. It throws new light on women's involvement in imperialism; on the history of 'conservative' women's organisations; on women's interventions in debates concerning citizenship and national identity; and on the history of women in white settler societies. After placing the IODE (Imperial Order Daughters of the Empire) in the context of recent scholarly work in Canadian, gender, imperial history and post-colonial theory, the book follows the IODE's history through the twentieth century. Chapters focus upon the IODE's attempts to create a British Canada through its maternal feminist work in education, health, welfare and citizenship. In addition it reflects on the IODE's responses to threats to Anglo-Canadian hegemony posed by immigration, World Wars and Communism, and examines the complex relationship between imperial loyalty and settler nationalism. Tracing the organisation into the postcolonial era, where previous imperial ideas are outmoded, it considers the transformation from patriotism to charity, and the turn to colonisation at home in the Canadian North.
653 ## - INDEX TERM--UNCONTROLLED
Uncontrolled term Canada
653 ## - INDEX TERM--UNCONTROLLED
Uncontrolled term Empire
653 ## - INDEX TERM--UNCONTROLLED
Uncontrolled term Feminism
653 ## - INDEX TERM--UNCONTROLLED
Uncontrolled term Gender
653 ## - INDEX TERM--UNCONTROLLED
Uncontrolled term Women
856 ## - ELECTRONIC LOCATION AND ACCESS
Uniform Resource Identifier <a href="https://docs.google.com/spreadsheets/d/1yKIrdCPDAG_9c22mwoOIO2DOhtj65Wqa/edit?usp=sharing&ouid=106555315294820607512&rtpof=true&sd=true ">https://docs.google.com/spreadsheets/d/1yKIrdCPDAG_9c22mwoOIO2DOhtj65Wqa/edit?usp=sharing&ouid=106555315294820607512&rtpof=true&sd=true </a>
Link text List of Curated E-Books
942 ## - ADDED ENTRY ELEMENTS (KOHA)
Koha item type E-Book

No items available.

University of Rizal System
Email us at univlibservices@urs.edu.ph

Visit our Website www.urs.edu.ph/library